000 01171nam a22003495a 4500
003 EG-ScBUE
005 20220228135540.0
008 170508s2012 ko a f b f000 0 eng d
020 _a9788973755677
020 _a9788973751631 (set)
040 _aEG-ScBUE
_beng
_erda
_cEG-ScBUE
_dEG-ScBUE
041 1 _aeng
_hkor
043 _aa-ko---
082 0 4 _a895.7
_bYEO
_222
100 1 _aYeo-ul, Jung,
_eauthor.
245 1 0 _aK-literature :
_bthe writing world's new voice /
_cwriter, Jung Yeo-ul ; translator, Colin Mouat.
264 1 _a[Korea] :
_bKorean Culture and Information Service,
_c2012.
300 _a115 pages :
_bcolor illustrations ;
_c20 cm.
336 _2rdacontent
_atext
_btxt
337 _2rdamedia
_aunmediated
_bn
338 _2rdacarrier
_avolume
_bnc
490 0 _aKorean culture ;
_vno. 8
504 _aIncludes bibliographical references.
546 _aText in English ; translated from original Korean.
650 7 _aKorean literature.
_2BUEsh
651 _2BUEsh
653 _bGGEN
_cMay2017
655 _vReading book
_934232
700 1 _aMouat, Colin A.,
_etranslator.
942 _2ddc
_cBB
999 _c24797
_d24769